Bệnh phụ khoa cần lưu ý nhất ở độ tuổi sinh sản và quanh mãn kinh

Cung cấp những kiến thức về bệnh phụ khoa dành cho phụ nữ trong độ tuổi sinh sản và mãn kinh

Na minha lista:
Detalhes bibliográficos
Autor principal: Đào, Xuân Dũng
Formato: Livro
Idioma:Undetermined
Publicado em: Thành phố Hồ Chí Minh Tổng hợp Thành phố Hồ Chí Minh 2012
Assuntos:
Tags: Adicionar Tag
Sem tags, seja o primeiro a adicionar uma tag!
Thư viện lưu trữ: Trung tâm Học liệu Trường Đại học Cần Thơ
LEADER 00850nam a2200217Ia 4500
001 CTU_221008
008 210402s9999 xx 000 0 und d
020 |c 55000 
082 |a 618.1 
082 |b D513 
100 |a Đào, Xuân Dũng 
245 0 |a Bệnh phụ khoa cần lưu ý nhất ở độ tuổi sinh sản và quanh mãn kinh 
245 0 |c Đào Xuân Dũng 
260 |a Thành phố Hồ Chí Minh 
260 |b Tổng hợp Thành phố Hồ Chí Minh 
260 |c 2012 
520 |a Cung cấp những kiến thức về bệnh phụ khoa dành cho phụ nữ trong độ tuổi sinh sản và mãn kinh 
650 |a Bệnh phụ khoa,Gynecology 
650 |x Phòng ngừa,Prevent 
904 |i Hải 
980 |a Trung tâm Học liệu Trường Đại học Cần Thơ